00326nam a2200133Ia 4500008004100000041000800041082001600049100002100065245002200086260003600108300003100144365001100175440000600186240624s9999 xx 000 0 und d aeng a428.422 STE aSTEMPLESKI SUSAN aWORLD LINK BOOK 3 c2005aAustraliabThomson/Heinle avii, : 154 : p. : cm. ; 28 cRSb10 v3